000 01571cam a22004214i 4500
003 PE-LiUPU
005 20250731183433.0
008 150706s r 000 0 d
020 _a9788495098597
035 _a(Sirsi) i9788495098597
040 _aPE-LiUPU
_bspa
_cPE-LiUPU
_erda
049 _aPRUA
082 0 4 _a708
_bMEAM
_221
245 0 0 _aTate Modern :
_bLondres /
_c[textos, Giovanna Uzzani].
264 1 _a[Madrid] :
_bComunicación Uno,
_c[2007].
300 _a32 páginas :
_bilustraciones ;
_c35 cm.
336 _atext
_2rdacontent
337 _aunmediated
_2rdamedia
338 _avolume
_2rdacarrier
490 0 _aMuseos europeos de arte moderno
500 _aSubtítulo tomado de la cubierta.
505 0 _aImágenes de algunos cuadros artísticos que se encuentran en el Museo Tate Modern.
526 _aP158
526 _aP146
526 _aP17
526 _aP12
526 _aP06
541 _g002-001005;
610 2 _aTate Modern
_vCatálogos.
650 1 4 _aArte moderno
_zEuropa
_vCatálogos.
700 1 _aUzzani, Giovanna.
910 _agl
_cjck
_d20120822
942 _2ddc
_cBOOK
949 _a708 MEAM L
_wDEWEY
_c1
_i65336
_lCCODEBUL1
_mBUL
_p4.00
_r0
_sY
_tBOOK
_u2015-7-6
_xINGENIERIA
_PP06
_o.STAFF. Colección General
994 _aC0
_bPEPRU
596 _a1
999 _a708 MEAM L
_wDEWEY
_c53904
_i65336
_f2021-11-9
_g7
_lCCODEBUL1
_mBUL
_p4.00
_r0
_sY
_tBOOK
_u2015-7-6
_xINGENIERIA
_PP06
_0COMPRA
_o.STAFF. Colección General
_d53904
980 _81
_gALBERTO SANCHEZ Responsable de Automatización